| 000 | 00400nam a2200157Ia 4500 | ||
|---|---|---|---|
| 008 | 230312s9999||||xx |||||||||||||| ||und|| | ||
| 020 | _a81-297-0596-6 | ||
| 082 |
_a332.1 _bFIN |
||
| 100 | _aKunt Asli Demirguc | ||
| 245 | 0 | _aFinancial Structure and Economic Growth | |
| 260 |
_bPearson Education _aUSA _c2001 |
||
| 300 | _a436 | ||
| 546 | _aEng. | ||
| 650 |
_aEconomics _vIntroduction, |
||
| 942 | _cBK | ||
| 999 |
_c4491 _d4491 |
||